Entry Personal Name
Number of records used in: 1
001 - CONTROL NUMBER
003 - CONTROL NUMBER IDENTIFIER
005 - DATE AND TIME OF LATEST TRANSACTION
- control field:
20231121155412.0
008 - FIXED-LENGTH DATA ELEMENTS
- fixed length control field:
880328n| acannaabn |n aaa
010 ## - LIBRARY OF CONGRESS CONTROL NUMBER
- LC control number:
n 87887704
035 ## - SYSTEM CONTROL NUMBER
- System control number:
(OCoLC)oca02237871
040 ## - CATALOGING SOURCE
- Original cataloging agency:
DLC
- Language of cataloging:
eng
- Transcribing agency:
DLC
- Modifying agency:
OCoLC
100 1# - HEADING--PERSONAL NAME
- Personal name:
Varley, Harold
670 ## - SOURCE DATA FOUND
- Source citation:
His Varley's practical clinical biochemistry, 1988:
- Information found:
CIP pref. (Harold Varley)
670 ## - SOURCE DATA FOUND
- Source citation:
LC data base, 3-24-88
- Information found:
(hdg.: Varley, Harold)